| 000 | 01171nam a22002657a 4500 | ||
|---|---|---|---|
| 999 |
_c65292 _d65292 |
||
| 005 | 20240530110817.0 | ||
| 008 | 190702s2007 ua af g b 000 0 ara d | ||
| 017 |
_a15495 _bمصر. دار الكتب |
||
| 020 | _a9776048404 | ||
| 040 |
_aEG-CaGPL _cEG-CaGPL |
||
| 082 | 0 | 4 |
_221 _a355.8/ _bع أ |
| 100 | 0 | _bعبدالناصر ياسين | |
| 245 | 1 | 2 |
_aالاسلحة عبر العصور الاسلامية. _nالكتاب الاول، _pالاسلحة الدفاعية او الجنن الواقية : الدروس والتروس فى ضوء المصادر المكتوبة والفنون الاسلامية / _cعبدالناصر ياسين |
| 250 | _aط1 | ||
| 260 |
_aالقاهرة : _bدار القاهرة للنشر والتوزيع، _c2007. |
||
| 300 |
_a351.ص : _bايض ؛ _c24 سم. |
||
| 504 | _aيشتمل على ارجاعات ببليوجرافية | ||
| 650 | 0 | 7 |
_2qrmak _aالاسلحة |
| 650 | 0 | 7 |
_2qrmak _aالمعدات العسكرية |
| 650 | 0 | 7 |
_2qrmak _aالاسلحة _xتاريخ |
| 651 | _2qrmak | ||
| 653 | 0 | _aالاسلحة - العصور الاسلامية | |
| 942 |
_2ddc _cBK |
||